Welcome to WEB OPAC of MRSPTU Central Library

Research Design : Qualitative, Quantitative and Mixed Methods Approaches (Record no. 10464)

MARC details
000 -LEADER
fixed length control field 00493nam a22001937a 4500
003 - CONTROL NUMBER IDENTIFIER
control field OSt
005 - DATE AND TIME OF LATEST TRANSACTION
control field 20241121100844.0
008 - FIXED-LENGTH DATA ELEMENTS--GENERAL INFORMATION
fixed length control field 241121b |||||||| |||| 00| 0 eng d
040 ## - CATALOGING SOURCE
Transcribing agency MRSPTU
041 ## - LANGUAGE CODE
Language code of text/sound track or separate title ENG
082 ## - DEWEY DECIMAL CLASSIFICATION NUMBER
Classification number 300.723
Item number CR-R
100 ## - MAIN ENTRY--PERSONAL NAME
Personal name Creswell, John W.
245 ## - TITLE STATEMENT
Title Research Design : Qualitative, Quantitative and Mixed Methods Approaches
250 ## - EDITION STATEMENT
Edition statement 4th Ed.
260 ## - PUBLICATION, DISTRIBUTION, ETC.
Place of publication, distribution, etc. New Delhi
Name of publisher, distributor, etc. Sage Pub.
Date of publication, distribution, etc. 2019
300 ## - PHYSICAL DESCRIPTION
Extent 190
650 ## - SUBJECT ADDED ENTRY--TOPICAL TERM
Topical term or geographic name entry element Architecture
942 ## - ADDED ENTRY ELEMENTS (KOHA)
Source of classification or shelving scheme Dewey Decimal Classification
Koha item type Book
Suppress in OPAC No
Holdings
Withdrawn status Lost status Source of classification or shelving scheme Damaged status Not for loan Home library Current library Date acquired Total checkouts Full call number Barcode Date last seen Price effective from Koha item type
    Dewey Decimal Classification     MRSPTU Central Library MRSPTU Central Library 11/21/2024   300.723 CR-R 41888 11/21/2024 11/21/2024 Book
    Dewey Decimal Classification     MRSPTU Central Library MRSPTU Central Library 11/21/2024   300.723 CR-R 41889 11/21/2024 11/21/2024 Book

Website Designed and Developed by MRSPTU Central Library Team

E-mail Id: librarian@mrsptu.ac.in